000
00305pam a2200133 a 4500
020
_c
041
_h
082
_a
743.8
_b
PJN
100
_a
Polly Pinder .
245
_a
How to Draw Birds
_h
Textual Documents
260
_a
[s.l]:
_b
Search Press U. K. ,
_c
2015.
300
_a
32:
_b
paper.
930
_a
7450
999
_c
241240
_d
241240